| 000 | 00799nam a2200241 a 4500 | ||
|---|---|---|---|
| 001 | 13092 | ||
| 003 | BD-JhCC | ||
| 005 | 20230710090246.0 | ||
| 008 | 230710s2019 bg a|||| |||| 000 0 ben d | ||
| 020 | _a9789849420460 | ||
| 035 | _a(BD-JhCC)13092 | ||
| 040 |
_aBD-JhCC _dBD-JhCC |
||
| 041 | _aeng | ||
| 082 |
_a813.3 _bMEL 2019 |
||
| 100 | _aমেলভিলের, হারমান | ||
| 245 |
_aমবি ডিক / _cহারমান মেলভিলের; সালেহা চৌধুরী (অনু.) |
||
| 260 |
_aঢাকা : _bসংবেদ, _c২০১৯ |
||
| 300 |
_a১১৫ পৃ. : _bচিত্রাবলী, _c২১ সেমি. |
||
| 650 | _aWhales | ||
| 650 | _aSea stories | ||
| 700 | _aচৌধুরী, সালেহা | ||
| 942 |
_2ddc _cBK |
||
| 999 |
_c13092 _d13092 |
||